000 01117cam a22002411 4500
001 gs 31000270
003 DLC
005 20260227111336.0
008 780818s1930 wiuab s000 0 eng c
010 _ags 31000270
035 _a(OCoLC)4152223
040 _aU.S. Geol. Survey. Library
_cAzU
_dDLC
042 _apremarc
050 0 0 _aQE179
_b.A2 no. 53c
100 1 _aWhitson, A. R.
_q(Andrew R.),
_d1870-1945.
245 1 0 _aSoil survey of Green county,
_cby A. R. Whitson, T. J. Dunnewald, M. J. Edwards, Walter Vosquil and Kenneth Whitson of the Wisconsin Geological and natural history survey, and A. C. Anderson and F. J. O'Connell of the U. S. Bureau of chemistry and soils.
260 _a[Madison]
_bThe state,
_c1930.
300 _a82 p.
_bincl. illus., tables. fold. col. map.
_c23 cm.
490 1 _aWisconsin. Geological and Natural History Survey. Bulletin
_vno. 53c.
_aSoil series,
_vno. 22
500 _aSoil survey in cooperation with the College of Agriculture.
650 0 _aSoil surveys
_zWisconsin
_zGreen County.
810 2 _aWisconsin Geological and Natural History Survey.
_tBulletin ;
_vno. 53-C.
999 _c26918
_d26918